| 000 | 01083nac a22003251u 4500 | ||
|---|---|---|---|
| 003 | EG-ScBUE | ||
| 005 | 20220228132850.0 | ||
| 008 | 200219r20061997ua f 000 f eng d | ||
| 020 | _a9774244443 | ||
| 020 | _a9789774244445 | ||
| 040 |
_aEG-ScBUE _beng _erda _cEG-ScBUE _dEG-ScBUE |
||
| 041 | 1 |
_aeng _hara |
|
| 082 | 0 | 4 |
_a892.736 _bMAH _222 |
| 100 | 1 |
_aMaḥfūẓ, Najīb, _d1911-2006, _eauthor. |
|
| 245 | 1 | 4 |
_aThe journey of Ibn Fattouma / _cNaguib Mahfouz ; translated by Denys Johnson-Davies. |
| 250 | _aFourth printing. | ||
| 264 | 1 |
_aCairo : _bThe American University in Cairo Press, _c2006. |
|
| 300 |
_avii, 148 pages ; _c22 cm. |
||
| 336 |
_2rdacontent _atext _btxt |
||
| 337 |
_2rdamedia _aunmediated _bn |
||
| 338 |
_2rdacarrier _avolume _bnc |
||
| 490 | 0 | _aModern Arabic literature | |
| 546 | _aText in English ; translated from the original Arabic. | ||
| 650 | _2BUEsh | ||
| 651 | 7 |
_aMiddle East _xFiction. _2BUEsh |
|
| 653 |
_bARALIT _cFebruary2022 |
||
| 655 |
_vReading book _934232 |
||
| 700 | 1 |
_aJohnson-Davies, Denys, _etranslator. |
|
| 942 |
_cBB _2ddc |
||
| 999 |
_c2694 _d2694 |
||